| 000 | 01078naa a22002897a 4500 | ||
|---|---|---|---|
| 001 | BR0104280 | ||
| 003 | BR-BrBNA | ||
| 005 | 20240918181920.0 | ||
| 007 | ta | ||
| 008 | 230509b bl.||||| |||| 00| 0 por d | ||
| 040 |
_aBR-BrBNA _bpor _cBiblioteca Nacional de Agricultura |
||
| 041 | _a(Pt) | ||
| 072 | _aK10; U10 | ||
| 090 | _aK10 BR0104280 | ||
| 100 | 1 | _aRossi, L.M.B. | |
| 100 | 1 | _aHiguchi, N. | |
| 245 | 1 | _aComparacao entre metodos de analise do padrao espacial de oito especies arboreas de uma floresta tropiocal umida | |
| 260 | 3 |
_aManaus, AM (Brasil): _c1998. |
|
| 500 | _aGascon, G.; Moutinho, P.(eds.) Floresta Amazonica: dinamica, regeneracao e manejo Manaus, AM (Brasil): 1998. p. 41-60 (BR0104280-AM)K10 | ||
| 650 | _aArvore Florestal | ||
| 650 | _aFloresta Tropical Umida | ||
| 650 | _aDendrologia | ||
| 650 | _aModelo Matematico | ||
| 773 | 0 |
_tFloresta Amazonica: dinamica, regeneracao e manejo _aGascon, G.; Moutinho, P.(eds.) _wK10 BR0104280 _gManaus, AM (Brasil), 1998. p. 41-60 |
|
| 909 |
_a202404 _bLucia _c55 _dLucia Elande |
||
| 942 |
_cAM _2AGRIS |
||
| 999 |
_c327506 _d327506 |
||